|
|
|
|
| LEADER |
00000nab#a22000007a#4500 |
| 001 |
arbauad004373 |
| 003 |
AR-BaUAD |
| 005 |
20250711110632.0 |
| 008 |
940614|||||||||###||||||b###|0###a|spa|| |
| 040 |
|
|
|a AR-BaUAD
|c AR-BaUAD
|b spa
|
| 245 |
1 |
0 |
|a Ideas para Villa Carlos Paz
|
| 300 |
0 |
|
|b fot., il., planos, plantas, vistas
|
| 500 |
|
|
|a Concurso Nacional de Ideas para Villa Carlos Paz. -- 1ºpremio: J. Otaegui, E. Poggi, A. Regueiro, G. Suárez; 2ºpremio: S. Borghini, J. Hojman, M. Hojman, M. I. Pereyra, P. Pschepiurca; 3ºpremio: S. Fisch, A. O. Iglesias, E. T. Sessa, R. Villareal
|
| 653 |
|
|
|a CONCURSOS
|
| 653 |
|
|
|a vILLA CARLOS PAZ
|
| 773 |
0 |
|
|t Revista SCA
|g no. 152 [mayo-jun. 1991], p. 49-66
|
| 942 |
|
|
|c ARTI
|
| 952 |
|
|
|0 0
|1 0
|4 0
|7 0
|9 49293
|a AR-BAuAD
|b AR-BAuAD
|d 2025-07-11
|l 0
|p AAQA004373
|r 2025-07-11 11:06:32
|w 2025-07-11
|y ARTI
|
| 990 |
|
|
|a AQ199
|b TD
|
| 998 |
|
|
|a AAQ
|b BIBUN76
|
| 999 |
|
|
|c 28966
|d 28966
|